[Event "2023 National K-12 Grade Championships"]
[Site "Orlando, Florida, United States"]
[Date "2023.12.16"]
[Round "5.22"]
[White "Chen, Alan"]
[Black "Yue, Tariq"]
[Result "0-1"]
[TimeControl "G/90;d10"]
[WhiteElo "1943"]
[BlackElo "2047"]

1. e4 {[%clk 01:30:00]} {[%emt 00:00:53]} c6 {[%clk 01:30:00]} 2. d4 {[%clk
01:30:00]} d5 {[%clk 01:30:00]} 3. exd5 {[%clk 01:30:00]} cxd5 {[%clk
01:30:00]} 4. c4 {[%clk 01:30:00]} Nf6 {[%clk 01:30:00]} 5. Nc3 {[%clk
01:29:59]} {[%emt 00:00:39]} Nc6 {[%clk 01:29:05]} {[%emt 00:01:21]} 6. Nf3
{[%clk 01:29:42]} Bg4 {[%clk 01:29:05]} 7. cxd5 {[%clk 01:25:30]} {[%emt
00:04:24]} Nxd5 {[%clk 01:28:55]} {[%emt 00:00:41]} 8. Bc4 {[%clk 01:23:58]}
{[%emt 00:01:25]} e6 {[%clk 01:28:17]} {[%emt 00:00:30]} 9. Nxd5 {[%clk
01:18:02]} {[%emt 00:06:06]} exd5 {[%clk 01:27:21]} {[%emt 00:01:10]} 10. Be2
{[%clk 01:18:02]} {[%emt 00:00:04]} Bxf3 {[%clk 01:21:48]} {[%emt 00:05:55]} 11.
Bxf3 {[%clk 01:18:02]} Bb4+ {[%clk 01:21:48]} {[%emt 00:00:07]} 12. Kf1 {[%clk
01:16:25]} {[%emt 00:01:42]} O-O {[%clk 01:20:17]} {[%emt 00:01:56]} 13. g3
{[%clk 01:15:02]} {[%emt 00:01:21]} Qb6 {[%clk 01:16:32]} {[%emt 00:04:03]} 14.
Be3 {[%clk 01:12:17]} {[%emt 00:02:44]} Be7 {[%clk 01:13:48]} {[%emt 00:02:53]}
15. Qd2 {[%clk 01:11:11]} {[%emt 00:01:34]} Bf6 {[%clk 01:12:27]} {[%emt
00:01:22]} 16. Rd1 {[%clk 01:10:10]} {[%emt 00:01:03]} Qa6+ {[%clk 01:07:42]}
{[%emt 00:04:56]} 17. Kg2 {[%clk 01:06:07]} {[%emt 00:05:02]} Qxa2 {[%clk
01:05:35]} {[%emt 00:01:33]} 18. Ra1 {[%clk 01:02:03]} {[%emt 00:05:40]} Qb3
{[%clk 01:05:24]} 19. Rhc1 {[%clk 01:01:49]} Be7 {[%clk 01:02:35]} {[%emt
00:02:13]} 20. h4 {[%clk 00:52:45]} {[%emt 00:09:12]} Rfd8 {[%clk 00:59:05]}
{[%emt 00:04:01]} 21. Bd1 {[%clk 00:46:09]} {[%emt 00:06:52]} Qb6 {[%clk
00:54:17]} {[%emt 00:04:35]} 22. Bc2 {[%clk 00:42:52]} {[%emt 00:03:23]} Bf6
{[%clk 00:50:05]} {[%emt 00:04:22]} 23. Rd1 {[%clk 00:42:13]} {[%emt 00:01:02]}
h6 {[%clk 00:45:06]} {[%emt 00:04:59]} 24. Qd3 {[%clk 00:41:02]} {[%emt
00:01:18]} g6 {[%clk 00:39:37]} {[%emt 00:06:12]} 25. h5 {[%clk 00:40:09]}
{[%emt 00:00:30]} Nb4 {[%clk 00:38:36]} {[%emt 00:01:11]} 26. Qd2 {[%clk
00:40:01]} {[%emt 00:00:35]} Nxc2 {[%clk 00:38:02]} {[%emt 00:00:26]} 27. Qxc2
{[%clk 00:40:01]} {[%emt 00:00:50]} g5 {[%clk 00:36:02]} {[%emt 00:01:35]} 28.
Rac1 {[%clk 00:38:16]} {[%emt 00:01:58]} Kg7 {[%clk 00:34:22]} {[%emt
00:01:42]} 29. Qf5 {[%clk 00:37:12]} {[%emt 00:01:46]} Qd6 {[%clk 00:30:43]}
{[%emt 00:03:17]} 30. Rc3 {[%clk 00:32:22]} {[%emt 00:04:59]} Qd7 {[%clk
00:28:00]} {[%emt 00:02:53]} 31. Qf3 {[%clk 00:30:51]} {[%emt 00:01:44]} Rac8
{[%clk 00:26:08]} {[%emt 00:01:57]} 32. Rdc1 {[%clk 00:30:16]} {[%emt
00:00:48]} Rxc3 {[%clk 00:24:11]} {[%emt 00:02:32]} 33. Rxc3 {[%clk 00:30:16]}
Re8 {[%clk 00:23:19]} {[%emt 00:00:41]} 34. Qd1 {[%clk 00:22:50]} {[%emt
00:07:43]} Rc8 {[%clk 00:20:58]} {[%emt 00:02:31]} 35. Rxc8 {[%clk 00:19:51]}
{[%emt 00:03:02]} Qxc8 {[%clk 00:20:58]} {[%emt 00:00:41]} 36. Qa4 {[%clk
00:19:21]} {[%emt 00:00:08]} a6 {[%clk 00:19:41]} {[%emt 00:01:27]} 37. Qb4
{[%clk 00:16:46]} {[%emt 00:03:09]} Qc6 {[%clk 00:16:43]} {[%emt 00:02:42]} 38.
Kh2 {[%clk 00:15:04]} {[%emt 00:01:55]} Qc7 {[%clk 00:14:56]} {[%emt 00:01:55]}
39. Kg2 {[%clk 00:14:15]} {[%emt 00:01:14]} Be7 {[%clk 00:14:22]} {[%emt
00:00:47]} 40. Qb3 {[%clk 00:14:06]} {[%emt 00:00:29]} Qc6 {[%clk 00:13:28]}
{[%emt 00:00:35]} 41. Bd2 {[%clk 00:12:38]} {[%emt 00:01:39]} b5 {[%clk
00:10:20]} {[%emt 00:03:30]} 42. Qa2 {[%clk 00:09:02]} {[%emt 00:03:34]} b4
{[%clk 00:08:12]} {[%emt 00:02:18]} 43. b3 {[%clk 00:08:09]} {[%emt 00:01:04]}
Bf6 {[%clk 00:06:50]} {[%emt 00:01:41]} 44. Bxb4 {[%clk 00:06:50]} {[%emt
00:01:27]} Bxd4 {[%clk 00:06:50]} {[%emt 00:00:15]} 45. Qe2 {[%clk 00:06:34]}
{[%emt 00:00:31]} Bf6 {[%clk 00:06:37]} {[%emt 00:00:16]} 46. Qd3 {[%clk
00:05:04]} {[%emt 00:01:27]} Qe6 {[%clk 00:05:36]} {[%emt 00:01:10]} 47. f3
{[%clk 00:04:55]} {[%emt 00:00:20]} g4 {[%clk 00:05:14]} {[%emt 00:00:32]} 48.
Bd2 {[%clk 00:04:43]} {[%emt 00:00:28]} gxf3+ {[%clk 00:04:49]} {[%emt
00:00:31]} 49. Kxf3 {[%clk 00:04:42]} {[%emt 00:00:10]} Qe5 {[%clk 00:04:35]}
{[%emt 00:00:30]} 50. g4 {[%clk 00:04:27]} {[%emt 00:00:53]} Qh2 {[%clk
00:04:04]} {[%emt 00:00:14]} 51. Qe3 {[%clk 00:04:12]} {[%emt 00:00:20]} Qh3+
{[%clk 00:03:40]} {[%emt 00:00:32]} 52. Kf2 {[%clk 00:04:02]} {[%emt 00:00:43]}
Bh4+ {[%clk 00:03:21]} {[%emt 00:00:06]} 53. Ke2 {[%clk 00:04:02]} {[%emt
00:00:04]} Qxg4+ {[%clk 00:03:21]} {[%emt 00:00:07]} 54. Kd3 {[%clk 00:04:02]}
{[%emt 00:00:08]} Qf5+ {[%clk 00:03:13]} {[%emt 00:00:09]} 55. Kc3 {[%clk
00:03:52]} {[%emt 00:00:21]} d4+ {[%clk 00:03:07]} {[%emt 00:00:32]} 56. Kxd4
{[%emt 00:01:07]} 0-1

[Event "2023 National K-12 Grade Championships"]
[Site "Orlando, Florida, United States"]
[Date "2023.12.16"]
[Round "5.23"]
[White "Zhu, Linxi"]
[Black "Zhang, Oscar"]
[Result "1-0"]
[TimeControl "G/90;d10"]
[WhiteElo "2100"]
[BlackElo "1929"]

1. e4 {[%clk 01:28:16]} {[%emt 00:01:53]} c5 {[%clk 01:30:00]} {[%emt
00:00:06]} 2. Nf3 {[%clk 01:28:16]} {[%emt 00:00:07]} d6 {[%clk 01:30:00]}
{[%emt 00:00:05]} 3. d4 {[%clk 01:28:16]} {[%emt 00:00:03]} cxd4 {[%clk
01:30:00]} {[%emt 00:00:05]} 4. Nxd4 {[%clk 01:28:16]} {[%emt 00:00:04]} Nf6
{[%clk 01:30:00]} {[%emt 00:00:08]} 5. Nc3 {[%clk 01:28:16]} {[%emt 00:00:10]}
a6 {[%clk 01:29:53]} {[%emt 00:00:18]} 6. h3 {[%clk 01:28:16]} {[%emt
00:00:08]} e5 {[%clk 01:29:53]} {[%emt 00:00:06]} 7. Nde2 {[%clk 01:28:16]}
{[%emt 00:00:04]} Be6 {[%clk 01:29:53]} {[%emt 00:00:08]} 8. g4 {[%clk
01:28:02]} {[%emt 00:00:24]} h6 {[%clk 01:29:16]} {[%emt 00:00:47]} 9. Bg2
{[%clk 01:28:00]} {[%emt 00:00:11]} Be7 {[%clk 01:28:20]} {[%emt 00:01:06]} 10.
Nd5 {[%clk 01:26:35]} {[%emt 00:01:36]} Bxd5 {[%clk 01:26:56]} {[%emt
00:01:34]} 11. exd5 {[%clk 01:26:35]} {[%emt 00:00:09]} Nbd7 {[%clk 01:26:33]}
{[%emt 00:00:33]} 12. O-O {[%clk 01:26:35]} {[%emt 00:00:07]} Rc8 {[%clk
01:23:33]} {[%emt 00:03:10]} 13. Ng3 {[%clk 01:26:04]} {[%emt 00:00:42]} g6
{[%clk 01:21:38]} {[%emt 00:02:05]} 14. Re1 {[%clk 01:22:01]} {[%emt 00:04:13]}
Kf8 {[%clk 01:18:04]} {[%emt 00:03:44]} 15. Be3 {[%clk 01:17:43]} {[%emt
00:04:28]} Qc7 {[%clk 01:11:38]} {[%emt 00:06:35]} 16. Rc1 {[%clk 01:10:48]}
{[%emt 00:07:06]} Kg7 {[%clk 01:04:46]} {[%emt 00:07:00]} 17. c4 {[%clk
01:08:16]} {[%emt 00:02:43]} b6 {[%clk 01:02:20]} {[%emt 00:02:36]} 18. b4
{[%clk 01:06:19]} {[%emt 00:02:08]} Qa7 {[%clk 00:53:23]} {[%emt 00:09:07]} 19.
a3 {[%clk 00:59:41]} {[%emt 00:06:48]} Rc7 {[%clk 00:48:00]} {[%emt 00:05:33]}
20. Qd2 {[%clk 00:57:13]} {[%emt 00:02:39]} Ne8 {[%clk 00:40:15]} {[%emt
00:07:54]} 21. Rc2 {[%clk 00:50:34]} {[%emt 00:06:48]} Bh4 {[%clk 00:36:10]}
{[%emt 00:04:14]} 22. Rec1 {[%clk 00:49:37]} {[%emt 00:01:08]} Bxg3 {[%clk
00:29:23]} {[%emt 00:06:56]} 23. fxg3 {[%clk 00:49:32]} {[%emt 00:00:16]} f6
{[%clk 00:28:38]} {[%emt 00:00:55]} 24. Be4 {[%clk 00:47:42]} {[%emt 00:02:01]}
h5 {[%clk 00:25:40]} {[%emt 00:03:07]} 25. Qd3 {[%clk 00:46:03]} {[%emt
00:01:50]} g5 {[%clk 00:21:47]} {[%emt 00:04:02]} 26. Bg6 {[%clk 00:39:08]}
{[%emt 00:07:05]} hxg4 {[%clk 00:17:44]} {[%emt 00:04:13]} 27. hxg4 {[%clk
00:38:05]} {[%emt 00:01:13]} Rc8 {[%clk 00:16:49]} {[%emt 00:01:05]} 28. Bh5
{[%clk 00:28:16]} {[%emt 00:09:59]} Rh6 {[%clk 00:13:22]} {[%emt 00:03:37]} 29.
Rf1 {[%clk 00:26:43]} {[%emt 00:01:44]} Kh8 {[%clk 00:06:48]} {[%emt 00:06:43]}
30. Rh2 {[%clk 00:25:56]} {[%emt 00:00:56]} Kg7 {[%clk 00:05:12]} {[%emt
00:01:47]} 31. Qf5 {[%clk 00:24:40]} {[%emt 00:01:25]} Qc7 {[%clk 00:03:15]}
{[%emt 00:02:08]} 32. Bxg5 {[%clk 00:24:00]} {[%emt 00:00:50]} Rh8 {[%clk
00:02:31]} {[%emt 00:00:54]} 33. Qg6+ {[%clk 00:24:00]} {[%emt 00:00:09]} Kf8
{[%clk 00:02:31]} {[%emt 00:00:02]} 34. Qf7# {[%clk 00:24:00]} {[%emt
00:00:07]} 1-0

[Event "2023 National K-12 Grade Championships"]
[Site "Orlando, Florida, United States"]
[Date "2023.12.16"]
[Round "5.24"]
[White "Manchanda, Advik"]
[Black "Jani, Aakash"]
[Result "1/2-1/2"]
[TimeControl "G/90;d10"]
[WhiteElo "1695"]
[BlackElo "1884"]

1. e4 {[%clk 01:30:00]} e5 {[%clk 01:30:00]} {[%emt 00:00:09]} 2. Nf3 {[%clk
01:30:00]} {[%emt 00:00:03]} Nc6 {[%clk 01:30:00]} {[%emt 00:00:08]} 3. d4
{[%clk 01:30:00]} {[%emt 00:00:04]} exd4 {[%clk 01:30:00]} {[%emt 00:00:07]} 4.
Bc4 {[%clk 01:30:00]} {[%emt 00:00:03]} Bb4+ {[%clk 01:30:00]} {[%emt
00:00:11]} 5. c3 {[%clk 01:30:00]} {[%emt 00:00:04]} dxc3 {[%clk 01:29:58]}
{[%emt 00:00:12]} 6. bxc3 {[%clk 01:30:00]} {[%emt 00:00:04]} Ba5 {[%clk
01:29:56]} {[%emt 00:00:11]} 7. O-O {[%clk 01:30:00]} {[%emt 00:00:07]} Nge7
{[%clk 01:28:55]} {[%emt 00:01:10]} 8. Bf4 {[%clk 01:29:13]} {[%emt 00:00:56]}
O-O {[%clk 01:28:46]} {[%emt 00:00:20]} 9. Bg3 {[%clk 01:28:51]} {[%emt
00:00:31]} d6 {[%clk 01:25:57]} {[%emt 00:03:01]} 10. Qb3 {[%clk 01:27:25]}
{[%emt 00:01:34]} Ng6 {[%clk 01:23:50]} {[%emt 00:02:19]} 11. Nbd2 {[%clk
01:26:38]} {[%emt 00:00:56]} Bb6 {[%clk 01:22:52]} {[%emt 00:01:09]} 12. Qc2
{[%clk 01:26:26]} {[%emt 00:00:21]} Nge5 {[%clk 01:22:42]} {[%emt 00:00:21]} 13.
Nxe5 {[%clk 01:25:50]} {[%emt 00:00:47]} Nxe5 {[%clk 01:22:20]} {[%emt
00:00:31]} 14. Bb3 {[%clk 01:25:26]} {[%emt 00:00:33]} Qe7 {[%clk 01:21:12]}
{[%emt 00:01:18]} 15. h3 {[%clk 01:25:05]} {[%emt 00:00:28]} Be6 {[%clk
01:20:22]} {[%emt 00:01:04]} 16. Kh2 {[%clk 01:24:19]} {[%emt 00:00:54]} Bxb3
{[%clk 01:19:33]} {[%emt 00:01:01]} 17. axb3 {[%clk 01:24:19]} {[%emt
00:00:11]} Rfe8 {[%clk 01:15:13]} {[%emt 00:04:28]} 18. f4 {[%clk 01:24:01]}
{[%emt 00:00:28]} Nd7 {[%clk 01:14:07]} {[%emt 00:01:16]} 19. f5 {[%clk
01:23:56]} {[%emt 00:00:14]} Nf6 {[%clk 01:11:44]} {[%emt 00:02:34]} 20. Bh4
{[%clk 01:21:46]} {[%emt 00:02:15]} Ng4+ {[%clk 01:10:24]} {[%emt 00:01:36]} 21.
Kg3 {[%clk 01:21:04]} {[%emt 00:00:49]} Ne3 {[%clk 01:10:09]} {[%emt 00:00:28]}
22. Qd3 {[%clk 01:19:48]} {[%emt 00:01:26]} Nxf1+ {[%clk 01:10:09]} {[%emt
00:00:11]} 23. Rxf1 {[%clk 01:19:42]} {[%emt 00:00:15]} Qe5+ {[%clk 01:10:06]}
{[%emt 00:00:13]} 24. Rf4 {[%clk 01:18:04]} {[%emt 00:01:47]} Bf2+ {[%clk
01:10:05]} {[%emt 00:00:13]} 25. Kf3 {[%clk 01:17:48]} {[%emt 00:00:24]} Bxh4
{[%clk 01:09:58]} {[%emt 00:00:17]} 26. Rxh4 {[%clk 01:17:38]} {[%emt
00:00:20]} Qf6 {[%clk 01:09:16]} {[%emt 00:00:53]} 27. Rf4 {[%clk 01:17:09]}
{[%emt 00:00:38]} Rad8 {[%clk 01:08:04]} {[%emt 00:01:23]} 28. c4 {[%clk
01:16:39]} {[%emt 00:00:40]} c6 {[%clk 01:08:02]} {[%emt 00:00:12]} 29. g4
{[%clk 01:16:11]} {[%emt 00:00:38]} Re5 {[%clk 01:07:42]} {[%emt 00:00:30]} 30.
Kg3 {[%clk 01:11:10]} {[%emt 00:04:58]} Rde8 {[%clk 01:06:30]} {[%emt
00:01:36]} 31. Nf3 {[%clk 01:11:00]} {[%emt 00:00:19]} R5e7 {[%clk 01:04:00]}
{[%emt 00:02:40]} 32. g5 {[%clk 01:10:05]} {[%emt 00:01:04]} Qb2 {[%clk
01:02:51]} {[%emt 00:01:20]} 33. f6 {[%clk 01:09:34]} {[%emt 00:00:38]} Rd7
{[%clk 00:59:55]} {[%emt 00:03:09]} 34. fxg7 {[%clk 01:09:20]} {[%emt
00:00:23]} Qxg7 {[%clk 00:59:53]} {[%emt 00:00:12]} 35. Rg4 {[%clk 01:08:56]}
{[%emt 00:00:33]} Red8 {[%clk 00:58:35]} {[%emt 00:01:30]} 36. h4 {[%clk
01:08:15]} {[%emt 00:00:50]} d5 {[%clk 00:58:11]} {[%emt 00:00:35]} 37. cxd5
{[%clk 01:07:59]} {[%emt 00:00:26]} cxd5 {[%clk 00:58:11]} {[%emt 00:00:07]} 38.
e5 {[%clk 01:07:59]} {[%emt 00:00:06]} Qg6 {[%clk 00:57:19]} {[%emt 00:01:03]}
39. Qd4 {[%clk 01:07:42]} {[%emt 00:00:22]} Qb6 {[%clk 00:54:31]} {[%emt
00:03:03]} 40. Qf4 {[%clk 01:05:35]} {[%emt 00:02:16]} d4 {[%clk 00:52:54]}
{[%emt 00:01:48]} 41. h5 {[%clk 01:05:02]} {[%emt 00:00:42]} d3 {[%clk
00:52:19]} {[%emt 00:00:46]} 42. g6 {[%clk 01:04:49]} {[%emt 00:00:23]} fxg6
{[%clk 00:51:54]} {[%emt 00:00:34]} 43. hxg6 {[%clk 01:04:49]} {[%emt
00:00:10]} Rg7 {[%clk 00:50:20]} {[%emt 00:01:44]} 44. gxh7+ {[%clk 01:03:26]}
{[%emt 00:01:34]} Kh8 {[%clk 00:49:53]} {[%emt 00:00:36]} 45. Rxg7 {[%clk
00:59:07]} {[%emt 00:04:30]} Kxg7 {[%clk 00:49:53]} {[%emt 00:00:09]} 46. Ng5
{[%clk 00:58:36]} {[%emt 00:00:40]} d2 {[%clk 00:47:50]} {[%emt 00:02:14]} 47.
Qf7+ {[%clk 00:56:59]} {[%emt 00:01:46]} Kh8 {[%clk 00:47:25]} {[%emt
00:00:35]} 48. e6 {[%clk 00:53:17]} {[%emt 00:03:53]} Qxb3+ {[%clk 00:44:59]}
{[%emt 00:02:36]} 49. Nf3 {[%clk 00:52:46]} {[%emt 00:00:40]} Qd3 {[%clk
00:40:08]} {[%emt 00:05:02]} 50. Qf6+ {[%clk 00:51:41]} {[%emt 00:01:15]} Kxh7
{[%clk 00:40:08]} {[%emt 00:00:06]} 51. Qf7+ {[%clk 00:51:41]} {[%emt
00:00:06]} Kh6 {[%clk 00:39:52]} {[%emt 00:00:29]} 52. Qf4+ {[%clk 00:51:41]}
{[%emt 00:00:05]} Kh7 {[%clk 00:38:33]} {[%emt 00:01:30]} 53. Qf7+ {[%clk
00:51:41]} {[%emt 00:00:05]} 1/2-1/2

[Event "2023 National K-12 Grade Championships"]
[Site "Orlando, Florida, United States"]
[Date "2023.12.16"]
[Round "5.25"]
[White "Zhou, Elizabeth"]
[Black "Schaefer, Sasha"]
[Result "0-1"]
[TimeControl "G/90;d10"]
[WhiteElo "1500"]
[BlackElo "1754"]

1. e4 {[%clk 01:30:00]} c6 {[%clk 01:30:00]} {[%emt 00:00:20]} 2. d4 {[%clk
01:29:59]} d5 {[%clk 01:30:00]} 3. e5 {[%clk 01:29:56]} {[%emt 00:00:27]} c5
{[%clk 01:30:00]} 4. Nf3 {[%clk 01:29:38]} {[%emt 00:00:25]} e6 {[%clk
01:29:55]} {[%emt 00:00:08]} 5. c3 {[%clk 01:29:01]} {[%emt 00:00:40]} Nc6
{[%clk 01:29:55]} {[%emt 00:00:16]} 6. Bd3 {[%clk 01:27:51]} {[%emt 00:01:37]}
cxd4 {[%clk 01:29:55]} 7. cxd4 {[%clk 01:27:45]} Bb4+ {[%clk 01:29:50]} {[%emt
00:00:09]} 8. Bd2 {[%clk 01:26:58]} {[%emt 00:00:57]} Bxd2+ {[%clk 01:29:35]}
{[%emt 00:00:25]} 9. Nbxd2 {[%clk 01:26:19]} {[%emt 00:01:11]} Nge7 {[%clk
01:29:25]} {[%emt 00:00:35]} 10. O-O {[%clk 01:25:47]} {[%emt 00:00:21]} h6
{[%clk 01:29:25]} 11. Nb3 {[%clk 01:25:18]} {[%emt 00:01:00]} O-O {[%clk
01:29:12]} 12. Qd2 {[%clk 01:21:41]} {[%emt 00:03:56]} b6 {[%clk 01:28:18]}
{[%emt 00:00:44]} 13. h3 {[%clk 01:20:29]} {[%emt 00:01:28]} a5 {[%clk
01:28:00]} {[%emt 00:01:41]} 14. a3 {[%clk 01:19:49]} Ba6 {[%clk 01:26:51]}
{[%emt 00:01:03]} 15. Rac1 {[%clk 01:17:27]} {[%emt 00:02:16]} Bxd3 {[%clk
01:26:39]} {[%emt 00:00:36]} 16. Qxd3 {[%clk 01:17:20]} {[%emt 00:00:12]} Qd7
{[%clk 01:22:47]} {[%emt 00:03:59]} 17. Nh2 {[%clk 01:14:17]} {[%emt 00:03:17]}
Qb7 {[%clk 01:20:26]} {[%emt 00:02:30]} 18. Ng4 {[%clk 01:13:48]} {[%emt
00:00:34]} Nf5 {[%clk 01:18:58]} {[%emt 00:01:59]} 19. Ne3 {[%clk 01:12:22]}
{[%emt 00:01:15]} Nxe3 {[%clk 01:18:35]} {[%emt 00:00:32]} 20. Qxe3 {[%clk
01:12:22]} {[%emt 00:00:13]} a4 {[%clk 01:16:29]} {[%emt 00:02:16]} 21. Nd2
{[%clk 01:11:16]} {[%emt 00:01:15]} Na5 {[%clk 01:15:21]} {[%emt 00:02:04]} 22.
f4 {[%clk 01:08:04]} {[%emt 00:02:49]} f5 {[%clk 01:11:04]} {[%emt 00:04:12]}
23. Qd3 {[%clk 01:04:02]} {[%emt 00:04:33]} b5 {[%clk 01:09:53]} {[%emt
00:01:38]} 24. Qc3 {[%clk 01:02:46]} {[%emt 00:00:47]} Nc4 {[%clk 01:08:40]}
{[%emt 00:01:22]} 25. Nxc4 {[%clk 01:02:32]} {[%emt 00:00:43]} bxc4 {[%clk
01:08:27]} {[%emt 00:00:05]} 26. Rf2 {[%clk 01:01:03]} {[%emt 00:01:56]} Rfb8
{[%clk 01:07:43]} {[%emt 00:00:58]} 27. Rcc2 {[%clk 00:58:36]} {[%emt
00:02:16]} Qa6 {[%clk 01:06:17]} {[%emt 00:01:33]} 28. Qd2 {[%clk 00:56:49]}
{[%emt 00:02:04]} Qa5 {[%clk 01:04:49]} {[%emt 00:01:34]} 29. Qe2 {[%clk
00:55:50]} {[%emt 00:01:08]} Rb3 {[%clk 01:03:22]} {[%emt 00:01:43]} 30. Rf3
{[%clk 00:54:32]} {[%emt 00:01:48]} Rxf3 {[%clk 01:00:41]} {[%emt 00:03:11]} 31.
Qxf3 {[%clk 00:53:29]} {[%emt 00:00:27]} Qe1+ {[%clk 01:00:40]} {[%emt
00:00:17]} 32. Qf1 {[%clk 00:52:54]} {[%emt 00:00:55]} Qxf1+ {[%clk 00:59:30]}
{[%emt 00:01:39]} 33. Kxf1 {[%clk 00:52:34]} Rb8 {[%clk 00:59:30]} {[%emt
00:00:08]} 34. Ke2 {[%clk 00:52:02]} {[%emt 00:00:36]} Rb3 {[%clk 00:58:30]}
{[%emt 00:02:09]} 35. Rd2 {[%clk 00:51:09]} {[%emt 00:00:04]} Kf7 {[%clk
00:55:01]} {[%emt 00:03:39]} 36. Rc2 {[%clk 00:50:19]} {[%emt 00:00:57]} Ke7
{[%clk 00:54:58]} {[%emt 00:00:15]} 37. Kd1 {[%clk 00:48:54]} {[%emt 00:01:35]}
Kf7 {[%clk 00:54:23]} {[%emt 00:00:43]} 38. Kc1 {[%clk 00:48:43]} {[%emt
00:00:37]} Rg3 {[%clk 00:51:46]} {[%emt 00:02:31]} 39. Kd1 {[%clk 00:46:15]}
{[%emt 00:02:59]} Kg6 {[%clk 00:51:29]} {[%emt 00:00:05]} 40. Kc1 {[%clk
00:44:24]} {[%emt 00:02:02]} Kh5 {[%clk 00:51:24]} {[%emt 00:00:57]} 41. Kd1
{[%clk 00:43:58]} Kh4 {[%clk 00:50:40]} {[%emt 00:00:53]} 42. Ke1 {[%emt
00:01:20]} Re3+ {[%clk 00:49:58]} {[%emt 00:00:04]} 43. Kf2 {[%clk 00:42:31]}
{[%emt 00:01:10]} Rd3 {[%clk 00:49:23]} {[%emt 00:00:45]} 0-1